000 00727nam a2200205 a 4500
001 000033951
005 20200930070642.0
008 110914s2006 ag 000 0 spa d
020 _a9505564805
040 _aDO-SdBNP
_bspa
_cBNPHU
100 1 _aPuiggrós, Rodolfo,
_d1906-1980.
_931702
245 1 0 _aPueblo y oligarquía /
_cRodolfo Puiggrós /.
260 _aBuenos Aires, Argentina :
_bEditorial Galerna,
_c2006.
300 _a156 p. :
_bil. ;
_c23 cm.
490 1 _aHistoria crítica de los partidos políticos Argentinos
_v1
490 1 _aBiblioteca popular
_aDocumentos
830 0 _aHistoria crítica de los partidos políticos Argentinos
_v1
_959410
830 0 _aBiblioteca popular
_pDocumentos
_959411
049 _aBNPD
999 _c33442
_d33442